Sights in the gold region : and scenes by the way /

Bibliographic Details
Main Author: Johnson, Theodore Taylor, 1818-
Format: Book
Language:English
Published: New York : Baker and Scribner, 1849.
Subjects:

MARC

Tag First Indicator Second Indicator Subfields
LEADER 00000cam a2200000 4500
001 in00000665388
005 20151015083017.0
008 800924r19741849miu a 00010 eng d
035 |a (OCoLC)06745992 
035 |9 ACX9912AM 
040 |a EEU  |c TXA  |d UtOrBLW 
049 |a TXAI 
090 |a F865  |b .J6 
099 |a film  |a B  |a 1512  |a reel  |a 600.10 
100 1 |a Johnson, Theodore Taylor,  |d 1818- 
245 1 0 |a Sights in the gold region :  |b and scenes by the way /  |c by Theodore T. Johnson. 
264 1 |a New York :  |b Baker and Scribner,  |c 1849. 
300 |a xii, 278 pages 
336 |a text  |b txt  |2 rdacontent 
337 |a microform  |b h  |2 rdamedia 
338 |a microfilm reel  |b hd  |2 rdacarrier 
500 |a Microfilm. Ann Arbor, Mich., Xerox University Microfilms, 1974. 1 reel. 35 mm. (American Culture Series, reel 600.10) 
500 |a Microform. 
650 0 |a Voyages to the Pacific coast. 
651 0 |a California  |x Gold discoveries. 
651 0 |a California  |x Description and travel. 
651 0 |a Panama  |x Description and travel. 
999 |a MARS 
999 f f |s 5a6b4973-21c2-3d5a-9f50-ebb4612cb341  |i 76f737f2-c0c6-398c-a40e-0278c3547dd7  |t 0 
952 f f |p default  |a Texas A&M University  |b College Station  |c Sterling C. Evans Library  |d Evans: Microforms (3rd floor)  |t 0  |e film B 1512 reel 600.10  |h Other scheme  |i microform -- microfilm reel 
998 f f |a film B 1512 reel 600.10  |t 0  |l Evans: Microforms (3rd floor)